| 000 | 02195nam a2200397 i 4500 | ||
|---|---|---|---|
| 001 | 000000058 | ||
| 003 | DO-SdBNP | ||
| 005 | 20240308110829.0 | ||
| 007 | ta | ||
| 008 | 081117s2002 dr 001 0 spa d | ||
| 020 | _a9993482730 | ||
| 020 | _a9789993482734 | ||
| 040 |
_aDO-SdBNP _bspa _cBNPHU _erda |
||
| 082 | 4 |
_a174.957 _bB615 _222 |
|
| 245 | 0 | 0 |
_aBioética / _ceditor, Alejandro Pichardo ; colaboradores Andrés Peralta Cornielle, César Mella Mejías, Diómedes Robles. |
| 264 | 1 |
_aSanto Domingo : _bImpresora A. Muñoz, _c2002. |
|
| 300 |
_a289 páginas ; _c21 cm. |
||
| 336 |
_atexto _btxt _2rdacontent |
||
| 337 |
_asin mediación _bn _2rdamedia |
||
| 338 |
_avolumen _bnc _2rdacarrier |
||
| 504 | _aBibliografía y notas al final de capítulos. | ||
| 505 | 0 |
_gPrefacio -- _tLa ética en la historia social de la medicina / _rTito Suero Portorreal -- _tNaturaleza del ser humano / _rAndrés Peralta Cornielle -- _tEnseñanza de la bioética a futuros profesionales de la salud / _rAlejandro Pichardo -- _tRelaciones médicas / _rAlejandro Pichardo -- _tBioética de la relación médico-paciente (Bioética clínica) / _rAlejandro Pichardo -- _tConsentimiento informado / _rMaritza Mejía -- _tHonorarios médicos / _rAlejandro Pichardo -- _tInvestigación científica en seres humanos / _rCésar Mella Mejía -- _tPlacebo / _rAlejandro Pichardo -- _tEquidad / _rDiómedes Robles Cid -- _tDonación y trasplante de órganos / _rAlejandro Pichardo -- _tEutanasia / _rAlejandro Pichardo -- _tÉtica psiquiátrica / _rFernando Sánchez Martínez, Guillermo Barrientos -- _tAnexos. |
|
| 590 | _aInventariado, 2018/MFF | ||
| 650 | 4 |
_aBioética _9236 |
|
| 650 | 4 |
_aCiencia y ética _9237 |
|
| 700 | 1 |
_aPichardo, Alejandro, _eeditor _9238 |
|
| 700 | 1 |
_aPeralta Cornielle, Andrés, _ecolaborador _9239 |
|
| 700 | 1 |
_aMella Mejías, César, _d1950- _ecolaborador _9210 |
|
| 700 | 1 |
_aRobles Cid, Diómedes, _ecolaborador _9240 |
|
| 700 | 1 |
_aSánchez Martínez, Fernando, _ecolaborador _97183 |
|
| 700 | 1 |
_aBarrientos, Guillermo, _ecolaborador _962888 |
|
| 700 | 1 |
_aMejía, Maritza, _ecolaborador _937171 |
|
| 700 | 1 |
_aSuero, Tito, _ecolaborador _984996 |
|
| 910 | _aValidado. Control de calidad EMS | ||
| 942 |
_2ddc _cLBS1 |
||
| 999 |
_c58 _d58 |
||